Geographie A-Z - Statistiken

Allgemein
  • Dieses Quiz wurde 18.613 mal gespielt
  • Das Durchschnittsergebnis liegt bei 16 aus 26
Antwortstatistiken
Hinweis Antwort % Korrekt
C Bevölkerungsreichstes Land China
97%
D Ein Hügel aus Sand Düne
92%
N Holland ist eine seiner Regionen Niederlande
92%
P Größter Ozean Pazifik
92%
E Was Plattenverschiebungen auslösen Erdbeben
89%
T Tiefer Ort zwischen zwei Bergen Tal
87%
U US-Staat Utah
79%
L Partner des Breitengrades Längengrad
77%
V Berühmte Lagunenstadt mit Gondeln Venedig
75%
G Langsam fließender Fluss aus Eis Gletscher
70%
R Unterwasserwachstum von Korallen Riff
68%
W Hauptstadt Neuseelands Wellington
68%
F Viti Levu ist seine größte Insel Fidschi
62%
I Kópavogur ist seine zweitgrößte Stadt Island
56%
S Amundsen erreichte ihn 1911 Südpol
50%
X Von Römern gegründete deutsche Stadt Xanten
50%
Q Ostaustralischer Staat Queensland
49%
O Aus der östlichen Welt Oriental
44%
K Der "wilde Berg" K2
43%
Z Dem. Rep. Kongo, vor 1997 Zaire
41%
B Belmopan ist seine Hauptstadt Belize
38%
A Wort für eine Inselgruppe Archipel
33%
Y Bekanntester US-Supervulkan Yellowstone
33%
J Größte der Kanalinseln Jersey
30%
H Einer der Großen Seen Huron
27%
M Kanadische Prärieprovinz Manitoba
18%
Keine übereinstimmenden Quizze gefunden
Verteilung der Resultate
Anzahl Personen mit jedem Resultat
Perzentil nach korrekt beantworteten Fragen
Ihre Resultats-Entwicklung
Sie haben dieses Quiz noch nicht gespielt